| 000 -LEADER |
| fixed length control field |
01366cam a2200361 a 4500 |
| 001 - CONTROL NUMBER |
| control field |
7917172 |
| 003 - CONTROL NUMBER IDENTIFIER |
| control field |
OSt |
| 005 - DATE AND TIME OF LATEST TRANSACTION |
| control field |
20170110141248.0 |
| 006 - FIXED-LENGTH DATA ELEMENTS--ADDITIONAL MATERIAL CHARACTERISTICS |
| fixed length control field |
m d |
| 007 - PHYSICAL DESCRIPTION FIXED FIELD--GENERAL INFORMATION |
| fixed length control field |
cr n |
| 008 - FIXED-LENGTH DATA ELEMENTS--GENERAL INFORMATION |
| fixed length control field |
090126s2009 enka sb 001 0 eng d |
| 020 ## - INTERNATIONAL STANDARD BOOK NUMBER |
| International Standard Book Number |
9781848822436 (alk. paper) |
| 020 ## - INTERNATIONAL STANDARD BOOK NUMBER |
| International Standard Book Number |
9781848822443 (eISBN) |
| 035 ## - SYSTEM CONTROL NUMBER |
| System control number |
(WaSeSS)ssj0000135373 |
| 040 ## - CATALOGING SOURCE |
| Original cataloging agency |
DLC |
| Transcribing agency |
DLC |
| Modifying agency |
DLC |
| -- |
WaSeSS |
| 042 ## - AUTHENTICATION CODE |
| Authentication code |
pcc |
| 050 #4 - LIBRARY OF CONGRESS CALL NUMBER |
| Classification number |
TS155.65 |
| Item number |
.L5 2009 |
| 050 #4 - LIBRARY OF CONGRESS CALL NUMBER |
| Classification number |
TS155.65 |
| 100 1# - MAIN ENTRY--PERSONAL NAME |
| Personal name |
Li, ZhiWu, |
| Dates associated with a name |
1967- |
| 210 10 - ABBREVIATED TITLE |
| Abbreviated title |
Deadlock Resolution in Automated Manufacturing Systems |
| 245 10 - TITLE STATEMENT |
| Title |
Deadlock Resolution in Automated Manufacturing Systems |
| Medium |
[electronic resource] : |
| Remainder of title |
A Novel Petri Net Approach / |
| Statement of responsibility, etc. |
ZhiWu Li, MengChu Zhou. |
| 260 ## - PUBLICATION, DISTRIBUTION, ETC. |
| Place of publication, distribution, etc. |
[London] : |
| Name of publisher, distributor, etc. |
Springer Verlag London Ltd., |
| Date of publication, distribution, etc. |
c2009. |
| 490 0# - SERIES STATEMENT |
| Series statement |
Advances in industrial control ; |
| Volume/sequential designation |
1430-9491 |
| 504 ## - BIBLIOGRAPHY, ETC. NOTE |
| Bibliography, etc. note |
Includes bibliographical references and index. |
| 506 ## - RESTRICTIONS ON ACCESS NOTE |
| Terms governing access |
License restrictions may limit access. |
| 650 #0 - SUBJECT ADDED ENTRY--TOPICAL TERM |
| Topical term or geographic name entry element |
Flexible manufacturing systems |
| General subdivision |
Mathematical models. |
| 650 #0 - SUBJECT ADDED ENTRY--TOPICAL TERM |
| Topical term or geographic name entry element |
Petri nets. |
| 700 1# - ADDED ENTRY--PERSONAL NAME |
| Personal name |
Zhou, MengChu. |
| 773 #0 - HOST ITEM ENTRY |
| Title |
SpringerLink ebooks - Computer Science (2009) |
| 856 40 - ELECTRONIC LOCATION AND ACCESS |
| Uniform Resource Identifier |
<a href="http://www.columbia.edu/cgi-bin/cul/resolve?clio7917172">http://www.columbia.edu/cgi-bin/cul/resolve?clio7917172</a> |
| Public note |
Full text available from SpringerLink ebooks - Computer Science (2009) |
| 910 ## - USER-OPTION DATA (OCLC) |
| User-option data |
Library of Congress record |
| 942 ## - ADDED ENTRY ELEMENTS (KOHA) |
| Source of classification or shelving scheme |
|
| Koha item type |
Book |